000 00265nam a2200109Ia 4500
008 200302s9999 xx 000 0 und d
100 _aErnst Levy & Other
245 _aThe Gothic Cathedral
260 _bBollingen foundation Inc.
260 _c1956
300 _a307 P.,
999 _c2227
_d2227